NBA quiz for true fans - Statistics

General Stats
  • This quiz has been taken 185 times
  • The average score is 8 of 12
Answer Stats
Question Answer % Correct
Witch nba player did magic Johnson have a rivalry with in the 1980s? Larry Bird
94%
Who has the most career points in nba history? Lebron James
88%
What nba team drafted Kevin Durant with the second pick in the 2007 draft? Seattle SuperSonics
88%
Who coach the San Antonio spurs to 5 nba championship? Gregg Popovich
86%
What year was the nba created? 1949
72%
What team did Vince Carter retire on? Atlanta Hawks
69%
In what year did the three point line get added into the nba? 1979
65%
In what year did Kobe Bryant win his only league MVP? 2008
65%
Who was drafted before Micheal Jordan in the 1984 nba draft? Sam Bowie
61%
Who has played the most games in nba history? Robert parish
43%
How many career blocks does Hakeem Olajuwon have? 3830
26%
Witch nba player has 26,395 career points? John Havlicek
22%
No matching quizzes found
Score Distribution
Percent of People with Each Score
Percentile by Number Answered
Your Score History
You have not taken this quiz